000 00657cab a2200241 4500
001 X892
008 090401t1993 xxu||||| |||| 00| 0 eng d
035 _a(Sirsi) u68090
041 _aeng
100 _aKelly, G.
245 _aKeeping up-to-date with IT
260 _c1993
350 _a0
490 _aChartered Quantity Surveyor
_v15(11/12) July/August 1993, 22(1)
650 _aCOST ESTIMATING
650 _aCOST MEASUREMENT
650 _aSOFTWARE
650 _aCAREERS, EDUCATION AND TRAINING
690 _aMANAGEMENT-BUSINESS MANAGEMENT-INFORMATION MANAGEMENT
690 _aQuantity surveying
_96263
942 _n0
948 _c04/03/1997
999 _c42686
_d42686